000 00623nam a2200205 u 4500
005 20210223130429.0
008 080421s2006 ch r 000 0 spa d
020 _a9561315505
035 _aUPN01000155557
049 _aI
050 4 _aPZ74.7
_bG8.5 2006
100 1 _aGüiraldes, Ana María,
_d1946-
_931800
245 1 3 _aLa luna tiene ojos negros /
_cAna María Güiraldes ; il. Paula Gutiérrez.
250 _a5a ed.
260 _aSantiago de Chile :
_bAndrés Bello,
_c2006.
300 _a79 p.
_bil.
650 4 _aCUENTOS HUMORISTICOS
_911283
650 4 _aCUENTOS INFANTILES CHILENOS
_911282
905 _aInfantil
999 _c127672
_d127672